| 000 -LEADER |
| fixed length control field |
00890nam a2200217Ia 4500 |
| 003 - CONTROL NUMBER IDENTIFIER |
| control field |
OSt |
| 005 - DATE AND TIME OF LATEST TRANSACTION |
| control field |
20241101105210.0 |
| 007 - PHYSICAL DESCRIPTION FIXED FIELD--GENERAL INFORMATION |
| fixed length control field |
ca aa aaaaa |
| 008 - FIXED-LENGTH DATA ELEMENTS--GENERAL INFORMATION |
| fixed length control field |
201103s9999 xx 000 0 und d |
| 040 ## - CATALOGING SOURCE |
| Transcribing agency |
SSBUL |
| 041 ## - LANGUAGE CODE |
| Language code of text/sound track or separate title |
bur |
| 082 ## - DEWEY DECIMAL CLASSIFICATION NUMBER |
| Edition number |
23 |
| Classification number |
၂၉၄.၃၄၄၃၅ စန် |
| Item number |
၉၀၈၃ S-SAT |
| 100 0# - MAIN ENTRY--PERSONAL NAME |
| Personal name |
စံဝင်း၊ ဦး(ကုဏ္ဍလိနီ) |
| 9 (RLIN) |
17281 |
| 245 10 - TITLE STATEMENT |
| Title |
သမထနှင့်ပုတီးစိပ် / |
| Statement of responsibility, etc. |
ဦးစံဝင်း(ကုဏ္ဍလိနီ)။ |
| 260 ## - PUBLICATION, DISTRIBUTION, ETC. |
| Place of publication, distribution, etc. |
ရန်ကုန် ၊ |
| Name of publisher, distributor, etc. |
ပန်းတောင်းပုံနှိပ်တိုက်၊ |
| Date of publication, distribution, etc. |
၁၉၇၅။ |
| 300 ## - PHYSICAL DESCRIPTION |
| Extent |
၂၃၆ စာမျက်နှာ ၊ |
| Dimensions |
၁၇ စင်တီ။ |
| 500 ## - GENERAL NOTE |
| General note |
S-SAT: Dr. Sai Aung Tun |
| 650 ## - SUBJECT ADDED ENTRY--TOPICAL TERM |
| Topical term or geographic name entry element |
ဝိပဿနာ |
|
| Topical term or geographic name entry element |
ပုတီးစိပ်ခြင်း |
| 9 (RLIN) |
55124 |
| 942 ## - ADDED ENTRY ELEMENTS (KOHA) |
| Source of classification or shelving scheme |
|
| Koha item type |
Book (Short term) |